UNSa (Registro nro. 8788)

Detalles MARC
000 -LEADER
fixed length control field 00836nas a2200229 454500
001 - CONTROL NUMBER
control field 36520
005 - DATE AND TIME OF LATEST TRANSACTION
control field 20260407193509.0
008 - FIXED-LENGTH DATA ELEMENTS--GENERAL INFORMATION
fixed length control field 260407s2014####ag###########|||spa#d
003 - CONTROL NUMBER IDENTIFIER
control field AR-UNSa-BCEJYS
040 ## - CATALOGING SOURCE
Original cataloging agency AR-UNSa-BCEJYS
Language of cataloging spa
Transcribing agency AR-UNSa-BCEJYS
080 ## - UNIVERSAL DECIMAL CLASSIFICATION NUMBER
Universal Decimal Classification number 378.4(826.7)
Common auxiliary subdivision Universidad Nacional de Salta
041 ## - LANGUAGE CODE
Language code of text/sound track or separate title spa
100 1# - MAIN ENTRY--PERSONAL NAME
Personal name Universidad Nacional de Salta. Secretaría de Extensión Universitaria
245 10 - TITLE STATEMENT
Title UNSa
Name of part/section of a work Mi sabiduría viene de esta tierra
264 #1 - PRODUCTION, PUBLICATION, DISTRIBUTION, MANUFACTURE, AND COPYRIGHT NOTICE
Place of production, publication, distribution, manufacture Salta :
Name of producer, publisher, distributor, manufacturer EUNSa (Editorial de la Universidad Nacional de Salta)
Date of production, publication, distribution, manufacture, or copyright notice 2014
310 ## - CURRENT PUBLICATION FREQUENCY
Current publication frequency Frecuencia: Irregular
590 ## - LOCAL NOTE (RLIN)
Local note niveau_biblio:s niveau_hierar:1
650 ## - SUBJECT ADDED ENTRY--TOPICAL TERM
Topical term or geographic name entry element UNIVERSIDAD NACIONAL DE SALTA
650 ## - SUBJECT ADDED ENTRY--TOPICAL TERM
Topical term or geographic name entry element EDUCACION SUPERIOR
856 41 - ELECTRONIC LOCATION AND ACCESS
Uniform Resource Identifier <a href="https://biblioeco.unsa.edu.ar/pmb/images/revistas/diariUnsa1.jpg">https://biblioeco.unsa.edu.ar/pmb/images/revistas/diariUnsa1.jpg</a>
Link text Imagen de portada
Electronic format type image/jpeg
942 ## - ADDED ENTRY ELEMENTS (KOHA)
Koha item type
Existencias
Withdrawn status Lost status Damaged status Not for loan Home library Current library Shelving location Date acquired Serial enumeration / chronology Total checkouts Full call number Barcode Date last seen Price effective from Koha item type
        Biblioteca Prof. Eusebio Cleto del Rey Biblioteca Prof. Eusebio Cleto del Rey   01/04/2016 Año 2, Nº 8 - abr. 2016   H378.4(826.7) UNS 8 R19608 10/04/2026 10/04/2026 Numero
        Biblioteca Prof. Eusebio Cleto del Rey Biblioteca Prof. Eusebio Cleto del Rey   01/10/2015 Año 2, Nº 7 - oct. 2015   H378.4(826.7) UNS 7 R18946 10/04/2026 10/04/2026 Numero
        Biblioteca Prof. Eusebio Cleto del Rey Biblioteca Prof. Eusebio Cleto del Rey   01/05/2015 Año 1, Nº 5 - mayo 2015   H378.4(826.7) UNS 5 R18945 10/04/2026 10/04/2026 Numero
        Biblioteca Prof. Eusebio Cleto del Rey Biblioteca Prof. Eusebio Cleto del Rey   01/03/2015 Año 1, Nº 4 - mar. 2015   H378.4(826.7) UNS 4 R18944 10/04/2026 10/04/2026 Numero
        Biblioteca Prof. Eusebio Cleto del Rey Biblioteca Prof. Eusebio Cleto del Rey   01/12/2014 Año 1, Nº 3 - dic. 2014   H378.4(826.7) UNS 3 R18943 10/04/2026 10/04/2026 Numero
        Biblioteca Prof. Eusebio Cleto del Rey Biblioteca Prof. Eusebio Cleto del Rey   01/10/2014 Año 1, Nº 2 - oct. 2014   H378.4(826.7) UNS 2 R18867 10/04/2026 10/04/2026 Numero